Genes for chlorogenate and hydroxycinnamate catabolism (HCA) are linked to functionally related genes in the dca-pca-qui-pob-hca chromosomal cluster of acinetobacter sp. strain ADP1 /
Сохранить в:
| Другие авторы: | , , , |
|---|---|
| Формат: | Статья |
| Язык: | English |
| Предметы: | |
| Метки: |
Добавить метку
Нет меток, Требуется 1-ая метка записи!
|
| Thư viện lưu trữ: | Thư viện Trường Đại học Đà Lạt |
|---|
| LEADER | 01081nam a2200325 4500 | ||
|---|---|---|---|
| 001 | DLU090092024 | ||
| 005 | ##20091201 | ||
| 040 | # | # | |a DLU |b eng |
| 041 | # | # | |a eng |
| 044 | # | # | |a us |
| 245 | # | # | |a Genes for chlorogenate and hydroxycinnamate catabolism (HCA) are linked to functionally related genes in the dca-pca-qui-pob-hca chromosomal cluster of acinetobacter sp. strain ADP1 / |c Michael A. Smith ... [et al.]. |
| 653 | # | # | |a Acinetobacter |
| 653 | # | # | |a Chlorogenate |
| 653 | # | # | |a Defense mechanism |
| 653 | # | # | |a Genes |
| 653 | # | # | |a Hydroxycinnamates |
| 700 | # | # | |a Ornston, L. Nicholas. |
| 700 | # | # | |a Smith, Michael A. |
| 700 | # | # | |a Weaver, Valerie B. |
| 700 | # | # | |a Young, David M. |
| 773 | # | # | |t Applied and Environmental Microbiology |g Vol. 69, no. 1 (January 2003), p. 524-532 |
| 920 | # | # | |a Phòng Tạp chí -- Trung tâm Thông tin - Thư viện Trường Đại học Đà Lạt |
| 994 | # | # | |a DLU |
| 900 | # | # | |a True |
| 911 | # | # | |a Trương Bảo Trâm Anh |
| 925 | # | # | |a G |
| 926 | # | # | |a A |
| 927 | # | # | |a BB |
| 980 | # | # | |a Thư viện Trường Đại học Đà Lạt |